Quiz o Przeworsku - Statystyki

Ogólne statystyki
  • Ten quiz został rozwiązany 150 razy
  • Średni wynik to 7 z 15
Statystyki odpowiedzi
Pytanie Odpowiedź % Poprawnych
W którym wieku Przeworsk otrzymał prawa miejskie? XIV
73%
Jakie miasta łączy Przeworska Kolejka Wąskotorowa? Dynów
68%
A w jakich kolorach mają stroje? Biały
65%
Jakie miasta łączy Przeworska Kolejka Wąskotorowa? Przeworsk
65%
A w jakich kolorach mają stroje? Czerwony
54%
Jak nazywa się drużyna piłkarska z Przeworska? Orzeł Przeworsk
49%
W Przeworsku jest 5 szkół podstawowych. Czyje imię nosi najstarsza - nr 1? Jana Pawła II
46%
Nad jaką rzeką położony jest Przeworsk? Mleczka
46%
Na rynku znajduje się pomnik. Jakiego króla Polski przedstawia? Władysław Jagiełło
43%
Jak nazywa się największa świątynia w mieście? Bazylika {Ducha Świętego}
41%
Kto jest burmistrzem miasta Przeworska? Leszek Kisiel
41%
Jak nazywa się lokalna gazeta wydawana w Przeworsku? {Przegląd} Przeworski
24%
Jaki tytuł nosi lokalny portal internetowy? Przeworsk24
22%
Jakie zwierze przedstawia Pomnik Strażaków w centrum miasta? Lew
14%
Jaki znany archeolog prowadził badania nad kulturą przeworską? Józef Kostrzewski
8%
Nie znaleziono quizów pasujących do podanych kryteriów
Rozkład punktacji
Procent ludzi z każdym wynikiem
Percentyl według liczby udzielonych odpowiedzi
Twoja historia wyników
Nie rozwiązałeś tego quizu